Predalpske pokrajine - mesta - Statistics

General Stats
  • This quiz has been taken 4 times
  • The average score is 17 of 19
Answer Stats
Mesta % Correct
Bled
100%
Celje
100%
Domžale
100%
Idrija
100%
Kamnik
100%
Kranj
100%
Ljubljana
100%
Medvode
100%
Radovljica
100%
Ravne na Koroškem
100%
Škofja Loka
100%
Slovenj Gradec
100%
Trbovlje
100%
Velenje
100%
Hrastnik
67%
Litija
67%
Vrhnika
67%
Zagorje
67%
Mengeš
33%
No matching quizzes found
Score Distribution
Percent of People with Each Score
Percentile by Number Answered
Your Score History
You have not taken this quiz